书目信息 |
| 题名: |
复变函数
|
|
| 作者: | 孙利祥 主编 | |
| 分册: | ||
| 出版信息: | 上海 复旦大学出版社 1995.7 |
|
| 页数: | 258页 | |
| 开本: | 32开 | |
| 丛书名: | ||
| 单 册: | ||
| 中图分类: | O174.5 | |
| 科图分类: | ||
| 主题词: | 数学分析 | |
| 电子资源: | ||
| ISBN: | 7-309-01478-2 | |
| 000 | 00528nam0 2200193 45 | |
| 001 | 0011200956 | |
| 005 | 20031219104047.4 | |
| 010 | @a7-309-01478-2@dCNY9.00 | |
| 100 | @a20001120d1995 km y0chiy0120 ea | |
| 101 | 0 | @achi |
| 105 | @a z 000yy | |
| 200 | 1 | @a复变函数@AFu Bian Han Shu@f孙利祥主编@FSun Li Xiang Zhu Bian |
| 210 | @a上海@c复旦大学出版社@d1995.7 | |
| 215 | @a258页@d32开 | |
| 606 | 0 | @a数学分析 |
| 690 | @aO174.5@v1 | |
| 701 | 0 | @a孙利祥@4主编 |
| 801 | @aCN@bTSTC@c20001120 | |
| 905 | @b293001-005@dO174.5@e103@f5 | |
| 复变函数/孙利祥主编.-上海:复旦大学出版社,1995.7 |
| 258页;32开 |
| ISBN 7-309-01478-2:CNY9.00 |
| ● |
| 相关链接 |
|
|
|
|
正题名:复变函数
索取号:O174.5/103
 
预约/预借
| 序号 | 登录号 | 条形码 | 馆藏地/架位号 | 状态 | 备注 |
| 1 | 0293001 | 002930010 | 第三借阅区/ [索取号:O174.5/103] | 在馆 | |
| 2 | 0293002 | 002930029 | 第三借阅区/ [索取号:O174.5/103] | 在馆 | |
| 3 | 0293003 | 002930038 | 第三借阅区/ [索取号:O174.5/103] | 在馆 | |
| 4 | 0293004 | 002930047 | 第三借阅区/ [索取号:O174.5/103] | 在馆 | |
| 5 | 0293005 | 002930056 | 第二样本阅览室/ [索取号:O174.5/103] | 在馆 |